Aportaciones personales a los regímenes actuales en la alimentación del lactante / (Record no. 59387)

MARC details
000 -LEADER
campo de control de longitud fija 00758nam a2200205 i 4500
001 - NÚMERO DE CONTROL
campo de control 59387
003 - IDENTIFICADOR DE NÚMERO DE CONTROL
campo de control ES-MaACL
005 - FECHA Y HORA DE LA ÚLTIMA TRANSACCIÓN
campo de control 20230906164025.0
007 - CAMPO FIJO DE DESCRIPCIÓN FÍSICA--INFORMACIÓN GENERAL
campo de control de longitud fija t|
008 - DATOS DE LONGITUD FIJA--INFORMACIÓN GENERAL
campo de control de longitud fija 031028s1951 sp ||||1| spa d
100 1# - ENTRADA PRINCIPAL--NOMBRE DE PERSONA
Nombre de persona Elordi Calleja, Carlos.
9 (RLIN) 47073
245 10 - MENCIÓN DEL TÍTULO
Título Aportaciones personales a los regímenes actuales en la alimentación del lactante /
Mención de responsabilidad, etc. por Carlos Elordi Calleja, Fernando Falcón García y Angel Crespo-Santillana.
260 ## - PUBLICACIÓN, DISTRIBUCIÓN, ETC.
Lugar de publicación, distribución, etc. Santander :
Nombre del editor, distribuidor, etc. Aldus,
Fecha de publicación, distribución, etc. 1951.
300 ## - DESCRIPCIÓN FÍSICA
Extensión 122 p., 30 lám. ;
Dimensiones 20 cm.
500 ## - NOTA GENERAL
Nota general Precede al tit.: Cooperativa Lechera Sam.
700 1# - ENTRADA AGREGADA--NOMBRE PERSONAL
Nombre de persona Falcón García, Fernando.
9 (RLIN) 48712
700 1# - ENTRADA AGREGADA--NOMBRE PERSONAL
Nombre de persona Crespo-Santillana, Ángel.
9 (RLIN) 41553
710 2# - ENTRADA AGREGADA--NOMBRE DE ENTIDAD CORPORATIVA
Nombre de entidad corporativa o nombre de jurisdicción como elemento de entrada Cooperativa Lechera Sam.
9 (RLIN) 3291
852 ## - LOCALIZACIÓN
Ubicación ES-MaACL
Número de control de estantería C-17985
Sublocalización o colección R.45216
Holdings
Estatus retirado Estado de pérdida Estado de daño No para préstamo Biblioteca de origen Biblioteca actual Ubicación en estantería Fecha de adquisición Fuente de adquisición Total de préstamos Signatura topográfica completa Código de barras Visto por última vez Precio de reemplazo Tipo de ítem Koha
        Biblioteca del Ateneo de Madrid Biblioteca del Ateneo de Madrid Galería 17/01/2008     C-17985 1062291 23/02/2023 23/02/2023 Libro impreso